Normal view
MARC view
- Hasan, Mehndi,Dr
Entry Personal Name
001 - CONTROL NUMBER
- control field: 104143
003 - CONTROL NUMBER IDENTIFIER
- control field: NUST
005 - DATE AND TIME OF LATEST TRANSACTION
- control field: 20221205141747.0
008 - FIXED-LENGTH DATA ELEMENTS
- fixed length control field: 221205|| aca||aabn | a|a d
040 ## - CATALOGING SOURCE
- Original cataloging agency: NUST
- Transcribing agency: NUST
100 ## - HEADING--PERSONAL NAME
- Personal name: Hasan, Mehndi,Dr
670 ## - SOURCE DATA FOUND
- Source citation: Work cat.: (NUST)176993: Hasan, Mehndi,Dr, journalism for all /, 2007
